| 000 | 00885nam a2200313 a 4500 | ||
|---|---|---|---|
| 003 | AR-BaBNM | ||
| 005 | 20251128210551.0 | ||
| 008 | 082120s2002 ||||||||||||||000 | spa|| | ||
| 020 | _a84-7960-105-1 | ||
| 040 | _cAR-BaBNM | ||
| 100 | 1 | _aYaranga Valderrama, Abdón | |
| 245 | 0 | 0 |
_aEl tesoro de la poesía quechua _bHawarikuy simipa illan |
| 250 | _a1ª ed. | ||
| 260 |
_aMadrid _bEdiciones de la Torre _c1994 |
||
| 300 |
_a253 p. _bil., láms. |
||
| 490 | 0 |
_aNuestro mundo. Arte y cultura _vv. 42 |
|
| 650 | 4 | _aARTE RELIGIOSO | |
| 650 | 4 | _aCOSTUMBRES Y TRADICIONES | |
| 650 | 4 | _aLITERATURA FOLKLORICA | |
| 650 | 4 | _aLITERATURA POPULAR | |
| 650 | 4 | _aLENGUAS AMERINDIAS | |
| 650 | 4 | _aPERIODO PREHISPANICO | |
| 650 | 4 | _aANTROPOLOGIA CULTURAL Y SOCIAL | |
| 650 | 4 | _aCRITICA LITERARIA | |
| 653 | _aQUECHUA | ||
| 655 | _aLITERATURA | ||
| 942 | _cBK | ||
| 998 | _cMARTIN | ||
| 999 |
_c15977 _d15977 |
||